000 00755nam a2200265 i 4500
001 C2-0085209
003 PPAK
005 20180727090403.0
008 970429s1986 my |||| ||||| | may d
020 _a9679420620
040 _aPPAK
_beng
_cPPAK
_erda
082 0 4 _a899.23
_223
090 0 0 _a899.23
_bSOT
_dG
090 0 0 _a899.23
_bSOT
_dKSA
090 0 0 _a899.23
_bSOT
_dKSI
100 0 _aS. Othman Kelantan,
_eauthor
245 1 0 _aNovel :
_btanggapan dan kritikan
264 1 _aBangi, Selangor :
_bUniversiti Kebangsaan Malaysia ,
_c1986
300 _a210 pages ;
_c22 cm
336 _2rdacontent
_atext
337 _2rdamedia
_aunmediated
338 _2rdacarrier
_avolume
650 1 0 _aMalay Literature - History and Criticism
942 _ddc
_cB
999 _c16964
_d16964